Guía práctica de la fotografía de 35 mm /

Contenido: 1. La cámara; 2. El objetivo; 3. La película; 4. Accesorios fotográficos; 5. Solución de problemas; 6. La exposición correcta; 7. Flash; 8. La luz: ¿el mejor o el peor enemigo del fotógrafo?; 9. Composición y perspectiva.

Gardado en:
Detalles Bibliográficos
Autor Principal: Corbett, Bil (autor)
Formato: Libro
Idioma:Lingua castelá
Publicado: Madrid, España : Libsa, 2003, c2003
Temas:
Etiquetas: Engadir etiqueta
Sen Etiquetas, Sexa o primeiro en etiquetar este rexistro!

MARC

LEADER 00000nam^a2200000^a^4500
001 000264799
005 20250521000000.0
009 20260310110656.897
020 |a 84-662-0178-5 
037 |a Acervo ITESO - Biblioteca 
041 |a ESP 
082 |a 771.  |b COR 
100 |a Corbett, Bil  |e (autor) 
245 1 0 |a Guía práctica de la fotografía de 35 mm /  |c B. Corbett ; tr. por Macarena Rojo González. 
264 4 |a Madrid, España :  |b Libsa,  |c 2003, c2003 
300 |a 160 p. 
336 |a texto  |b txt  |2 rdacontenido 
337 |a sin mediación  |b n  |2 rdamedio 
338 |a volumen  |b nc  |2 rdasoporte 
500 |a Traducción de: A Simple Guide to 35mm Photography 
520 |a Contenido: 1. La cámara; 2. El objetivo; 3. La película; 4. Accesorios fotográficos; 5. Solución de problemas; 6. La exposición correcta; 7. Flash; 8. La luz: ¿el mejor o el peor enemigo del fotógrafo?; 9. Composición y perspectiva. 
649 |a XX 
650 |a Composición (Arte) 
650 |a Luz y Sombra 
650 |a Fotografía -  |x Materiales y Equipo 
650 |a Fotografía -  |x Técnica -  |x Tema Principal 
650 |a Arte -  |x Técnica 
910 |a Fondo General 
920 |a Impresos - Libros 
930 |a Reserva Especial 
905 |a 103 
901 |a 0500147093  |b IT1  |c REE  |u 20250521 
902 |a https://opac.biblio.iteso.mx/vufind/Record/000264799